| 000 | 00946nac a22002771u 4500 | ||
|---|---|---|---|
| 003 | EG-ScBUE | ||
| 005 | 20211117101331.0 | ||
| 008 | 080803s1987 le f d 000 d eng d | ||
| 040 |
_aEG-ScBUE _beng _erda _cEG-ScBUE _dEG-ScBUE |
||
| 082 | 0 | 4 |
_a822.8 _bWIL _222 |
| 100 | 1 |
_aWilde, Oscar, _d1854-1900, _eauthor. _923601 |
|
| 245 | 1 | 3 |
_aAn ideal husband : _bwith an introduction, a guide, notes and a glossary / _cOscar Wilde. |
| 264 | 1 |
_aBeirut : _bYork Press, _c1987. |
|
| 300 |
_axl, 170 pages : _c24 cm. |
||
| 336 |
_2rdacontent _atext _btxt |
||
| 337 |
_2rdamedia _aunmediated _bn |
||
| 338 |
_2rdacarrier _avolume _bnc |
||
| 490 | 0 | _aYork classics | |
| 500 | _aIncludes glossary. | ||
| 650 | 7 |
_aEnglish drama _y19th century. _2BUEsh _933319 |
|
| 650 | 7 |
_aEnglish comedy _y19th century. _2BUEsh |
|
| 651 | 7 |
_aLondon (England) _yDrama. _2BUEsh |
|
| 653 |
_bHHUUEENN _cNovember2021 |
||
| 655 |
_vReading book _934232 |
||
| 942 |
_cBB _2ddc |
||
| 999 |
_c311 _d311 |
||